Les Simpson - Marge - Statistiques

Statistiques générales
  • Ce quiz a été pris 205 fois
    195 depuis la dernière actualisation
  • Le résultat moyen est 7 sur 10
Statistiques - réponses
Question Réponse % Correct
Lorsqu'elle s'est faite attaquer au mini-marché, que lui a volé son agresseur ? son collier
100%
Où passe-t-elle la plupart de son temps ? chez elle
97%
Quelle est son véritable prénom ? Marjorie
91%
De quelle couleur sont ses yeux ? noisette
88%
Lors d'un épisode de la saison 22, de quelle couleur se teint-elle les cheveux ? en gris
81%
De quelle marque est le tailleur qu'elle s'est achetée en solde ? Chanel
69%
Elle a un problème récurent avec : les jeux
66%
Lequel de ces métiers n'a-t-elle jamais exercé ? avocate
53%
Quel jour est-elle née ? un 19 mars
22%
À quoi ne s'est-elle jamais opposée ? la fermeture de la maison close
16%
Aucun quiz correspondant
Distribution des résultats
% des personnes avec chaque résultat
Percentile par nombre de réponses
Votre historique - résultats
Vous n’avez pas pris ce quiz depuis la dernière actualisation